000 00546nam a2200205Ia 4500
005 20250923145349.0
008 008 250917s9999 xx 000 0 eng d
037 _aTextual
040 _aDSWL
_beng
_cDSWL
041 _aeng
_2eng
084 _aY72
_qDSWL
100 _aGare, Govind
_9834515
245 0 _aTribals is an urban setting
_c by Govind Gare
260 _aPune
_bShubhada Saraswati
_c1976
300 _a212 p.
365 _aINR
_b37 . 80
925 _g37 . 80
942 _cTEXL
_hY72
999 _c1450478
_d1450478